| 000 | 00482nam a2200169Ia 4500 | ||
|---|---|---|---|
| 999 |
_c35971 _d35971 |
||
| 003 | OSt | ||
| 005 | 20201214112031.0 | ||
| 008 | 190216s9999||||xx |||||||||||||| ||und|| | ||
| 040 | _coclc | ||
| 082 |
_a581 _bWAR/H |
||
| 100 |
_aWarming, E _97432 |
||
| 245 | 2 |
_aA Handbook Of Systematic Botany / _cE Warming |
|
| 260 |
_bInternational Book Distributors, _c1974. _aDehradun: |
||
| 300 | _a593p | ||
| 650 | _aBotany | ||
| 942 |
_cREF _2ddc _h581 _iWAR/H _k581 _mWAR/H |
||